| 000 | 00852nas a22002297a 4500 | ||
|---|---|---|---|
| 005 | 20171128083559.0 | ||
| 008 | 171128s2006 ck uu|||r|||| 00| 0 spa d | ||
| 022 | _a0123-1286 | ||
| 040 |
_aCO-BoIAVH _cCO-BoIAVH |
||
| 041 | 0 | _aspa | |
| 044 | _ack | ||
| 090 | _aSE | ||
| 245 | 0 | 0 | _aFitotecnia colombiana / |
| 260 |
_aSantiago de Cali (Colombia) : _bAsociación Colombiana de Fitomejoramiento y Producción de Cultivos, _c2006. |
||
| 300 |
_bilustraciones, gráficas y tablas ; _c27 x 22 cm. |
||
| 310 | _au | ||
| 650 | 2 | 6 |
_aCultivo _zColombia _vPublicaciones periódicas |
| 650 | 2 | 6 |
_aProductos agrícolas _zColombia _vPublicaciones periódicas |
| 650 | 2 | 6 |
_aFitogenética _zColombia _vPublicaciones periódicas |
| 710 | 2 | _aAsociación Colombiana de Fitomejoramiento y Producción de Cultivos | |
| 942 |
_2z _cREVISTA |
||
| 999 |
_c20005 _d20005 |
||